| 000 | 00586 a2200169 4500 | ||
|---|---|---|---|
| 020 | _a0750644516 | ||
| 082 | _a658.562 | ||
| 090 |
_c7334 _d7334 |
||
| 100 | _aHoyle, David | ||
| 245 |
_aISO 9000 Quality Systems Handbook _bCompletely revised in response to ISO 9000:2000 _cHoyle, David |
||
| 250 | _a4th ed. | ||
| 260 |
_aUSA _bButterworth Heinemann _c2001 |
||
| 300 |
_axiii, 672 p. ; _bill. ; _c24 cm. |
||
| 500 | _aIncludes bibliographical references and index. | ||
| 650 | _a1. Quality control. 2. Total quality management. 3. Quality control--standards. | ||
| 942 |
_cBK _k658.562 HOY |
||
| 999 |
_c11137 _d11137 |
||